| 000 | 00684cab a2200193 4500 | ||
|---|---|---|---|
| 001 | ##ABS36826 | ||
| 008 | 090401t1986 xxu||||| |||| 00| 0 eng d | ||
| 035 | _a(Sirsi) u504 | ||
| 041 | 0 | _aeng | |
| 245 | 0 | 0 | _aEnergy refurb for medium-rise flats |
| 260 | _c1986 | ||
| 350 | _a0 | ||
| 490 | 0 |
_aArchitects' Journal _v184(38) 17 September 1986, p73-80 (5) |
|
| 520 | _aReports on the findings of a pilot study into energy efficient rehabilitation undertaken for Islington London Borough, which centred on Haden Court, a group of post-war deck access blocks. | ||
| 651 | 4 |
_aUnited Kingdom _y |
|
| 690 | _aBUILT ENVIRONMENT-SUSTAINABLE CONSTRUCTION | ||
| 942 | _n0 | ||
| 948 | _c04/03/1997 | ||
| 999 |
_c227 _d227 |
||